000 00791nas a2200277 4500
001 BR9902717
003 BR-BrBNA
005 20231205101417.0
007 ta
008 230509b bl.|||p| |||| 00| 00por d
040 _aBR-BrBNA
_bpor
_cBiblioteca Nacional de Agricultura
041 _a(Pt)
072 _aF62
100 1 _aJacob Neto, J.
100 1 _aGoi, S.R.
100 1 _aSprent, J.I.
245 1 _aEfeito de diferentes formas de nitrogenio na nodulacao e crescimento de Acacia mangium
650 _aAcacia
650 _aNitrogenio
650 _aCrescimento
650 _aAmonia
650 _aNitrato
773 0 _tFloresta e Ambiente (Brazil)
_xISSN 1415-0980
_g(1998), v. 5(1) p. 104-110
_wBR9902717
909 _a202311
_bLúcia
_c55
_dLúcia Elande
942 _2AGRIS
_n0
_cANA
999 _c161661
_d161661